|
|
แสดงรายละเอียดบรรณานุกรม |
|
|
Brief Record
: Get Marc (ISO 2709)
: E-mail record
: |
|
|
| LEADER 00000nam 2200000uu 4500 | |||
| 001 211206 | |||
| 003 ULIBM | |||
| 008 020711s2558 th a 000 0 tha d | |||
| 020 9786163611031 | |||
| 041 ^atha | |||
| 050 4 BQ4570.L5 ป438ป 2558 | |||
| 100 ปรัศน์ มาลากุล ณ อยุธยา | |||
| 245 เปลือกมนุษย์ : ^bแสงแห่งธรรมที่ไร่เชิญตะวัน/^cปรัศน์ มาลากุล ณ อยุธยา;เขียนและเรียบเรียง | |||
| 250 พิมพ์ครั้งที่ 4 | |||
| 260 กรุงเทพฯ :^bบริษัท สุขุมวิทการพิมพ์ จำกัด,^c2558 | |||
| 300 165 หน้า :^bภาพประกอบ ;^c21 ซม. | |||
| 650 4 ธรรมะกับชีวิตประจำวัน | |||
| 650 4 ^aการดำเนินชีวิต^xแง่ศาสนา^xพุทธศาสนา | |||
| 999 ^aใช้งานได้ทุกระบบ | |||
| คุณยังไม่ได้ล็อกอิน คุณสามารถมีกิจกรรมร่วมกับเว็บไซต์ได้ แต่ต้องล็อกอินก่อน :: |
|
| สถานะ | |||||||||
| 1. | หนังสือทั่วไป | BQ4570.L5 ป438ป 2558 c.1 | On Shelf ขอยืม | ||||||
| [แสดง 1/1 รายการ] | |||||||||
| รายการใกล้เคียง หัวเรื่อง [ธรรมะกับชีวิตประจำวัน]
|
BibComment |
| คอมเมนท์ทรัพยากรรายการนี้ |
|
|